Countries with Six Letters - World Map Sudden Death - Statistics

General Stats
  • This quiz has been taken 293 times
  • The average score is 19 of 27
Answers on the Grid
Answers color-coded by a green-red scale on the quiz's grid according to % correct below.
 
Answer Stats
Answer % Correct
Mexico, Belize, Panama, Brazil, France, Guyana
87%
Canada
86%
Canada, Mexico
86%
France, Turkey, Poland, Cyprus, Serbia, Kosovo
86%
Canada
84%
Canada
84%
Cyprus, Turkey, Russia, Israel, Jordan, Kuwait
84%
Russia, Latvia, Poland, Norway, Sweden
83%
Canada
79%
Brazil
78%
Bhutan, Russia
75%
Russia
74%
Russia
74%
Russia
73%
Brazil, Guinea, Gambia
72%
Brazil
72%
Russia, Taiwan
72%
Mexico
70%
Angola, Zambia
70%
Russia
69%
Guinea, Rwanda, Uganda
65%
Brazil
61%
Uganda,
51%
Malawi
51%
Taiwan, Brunei
48%
Tuvalu
43%
Russia
19%
No matching quizzes found
Score Distribution
Percent of People with Each Score
Percentile by Number Answered
Your Score History
You have not taken this quiz